LEADER 03062oam 2200661I 450 001 9910459894003321 005 20200520144314.0 010 $a0-429-12058-3 010 $a1-4398-5760-1 010 $a1-4200-0352-6 024 7 $a10.1201/9781420003529 035 $a(CKB)2670000000037675 035 $a(EBL)566150 035 $a(OCoLC)662258421 035 $a(SSID)ssj0000411781 035 $a(PQKBManifestationID)11268330 035 $a(PQKBTitleCode)TC0000411781 035 $a(PQKBWorkID)10365218 035 $a(PQKB)11785654 035 $a(MiAaPQ)EBC566150 035 $a(Au-PeEL)EBL566150 035 $a(CaPaEBR)ebr10408397 035 $a(CaONFJC)MIL692641 035 $a(OCoLC)748681844 035 $a(EXLCZ)992670000000037675 100 $a20180420d2011 uy 0 101 0 $aeng 135 $aur|n|---||||| 181 $ctxt 182 $cc 183 $acr 200 10$aAnalytical methods in combinatorial chemistry /$fBing Yan and Bin Zhang 205 $a2nd ed. 210 1$aBoca Raton :$cTaylor & Francis,$d2011. 215 $a1 online resource (240 p.) 225 1 $aCritical reviews in combinatorial chemistry 300 $aDescription based upon print version of record. 311 $a1-138-11668-8 311 $a0-8493-1860-2 320 $aIncludes bibliographical references and index. 327 $aFront cover; Contents; Preface; Authors; chapter one: Analytical issues in combinatorial chemistry; chapter two: An examination of the analytical sample: resin support; chapter three: Solid-phase reaction optimization using FTIR; chapter four: Reaction optimization using MS and NMR methods; chapter five: Reaction optimizationusing spectrophotometric and other methods; chapter six: Quality control of combinatorial libraries; chapter seven: High-throughput purification; chapter eight: Final thoughts and future perspectives; Index; Back cover 330 $aSince the publication of the benchmark first edition of this book, chemical library and combinatorial chemistry methods have developed into mature technologies. There have also been significant shifts in emphasis in combinatorial synthesis. Reflecting the growth in the field and the heightened focus on select areas, Analytical Methods in Combinatorial Chemistry, Second Edition updates a classic text and captures the current state of these technologies.Written by leaders in the field, this second edition includes several enhancements. A chapter on high-throughp 410 0$aCritical reviews in combinatorial chemistry. 606 $aCombinatorial chemistry 606 $aPharmaceutical chemistry 608 $aElectronic books. 615 0$aCombinatorial chemistry. 615 0$aPharmaceutical chemistry. 676 $a615/.19 700 $aYan$b Bing$0366894 701 $aZhang$b Bin$f1968-$0998549 801 0$bMiAaPQ 801 1$bMiAaPQ 801 2$bMiAaPQ 906 $aBOOK 912 $a9910459894003321 996 $aAnalytical methods in combinatorial chemistry$92290670 997 $aUNINA